Guru sebagai pendorong dalam darjah
| Main Author: | |
|---|---|
| Format: | Book |
| Published: |
Bentong, Pahang :
PTS Publications & Distributors Sdn. Bhd. ,
2002
|
| Series: | Siri Motivasi
|
| Subjects: |
MARC
| LEADER | 00000cam a2200000 7i4500 | ||
|---|---|---|---|
| 001 | 0000057181 | ||
| 005 | 20151220.0 | ||
| 008 | 151220 | ||
| 020 | |a 978-9832311276 | ||
| 090 | 0 | 0 | |a 370.154 |b AIN |
| 100 | 0 | |a Ainon Mohd. | |
| 245 | 1 | 0 | |a Guru sebagai pendorong dalam darjah |c Ainon Mohd., Abdullah Hassan |
| 260 | |a Bentong, Pahang : |b PTS Publications & Distributors Sdn. Bhd. , |c 2002 | ||
| 300 | |a 239pg | ||
| 490 | 0 | |a Siri Motivasi | |
| 650 | 0 | |a Motivation in education | |
| 999 | |a `000892738 |b Book |c Adult Collection |e Cawangan Muar | ||